000 00232nam a2200097Ia 4500
005 20251222175818.0
008 251222s9999||||xx |||||||||||||| ||spa||
082 _aDVD0080/R34/1965
245 0 _aLa agonía y el éxtasis.
942 _cDVD
999 _c40397
_d40397